| 000 | 00429nam a2200181Ia 4500 | ||
|---|---|---|---|
| 005 | 20240823054433.0 | ||
| 008 | 240823s9999||||xx |||||||||||||| ||und|| | ||
| 041 | _aENGLISH | ||
| 082 | _A621.3191 N4 | ||
| 100 | _aMehta V K | ||
| 245 | 0 | _aPrinciples of Power system | |
| 250 | _a2nd | ||
| 260 |
_c1994 _b"S.Chand,New Delhi" |
||
| 500 | _aTRANSFERED | ||
| 650 |
_aPower System _bElectrical |
||
| 942 | _cBK | ||
| 999 |
_c226455 _d226455 |
||